Responses for Show #3383 - Wednesday, April 28, 1999

Michael Rooney game 1.

Contestants

[<< previous game]

Michael Rooney, a college instructor from Pasadena, California

Christian De Jong, a customer service representative from Los Angeles, California

Lindsay Peet, a plumbing contractor from Studio City, California (whose 3-day cash winnings total $22,428)

[next game >>]

Jeopardy! Round responses

U.S. HISTORY
LONG-RUNNING TV SHOWS
PHYSICAL SCIENCE
KINGS & QUEENS
LEFTOVERS
"BAG" 'EM UP
    $100 6
Andrew Johnson

Lindsay
    $100 11
Sesame Street

Christian
    $100 1
dry ice

Lindsay
    $100 13
the Queen of Sheba

Michael
    $100 15
Sigmund Freud

Christian
    $100 23
a golf bag

Christian
    $200 7
"Uncle Sam"

Lindsay
    $200 12
Law & Order

Lindsay
    $200 2
fermentation

Lindsay
    $200 14
George

Lindsay
    $200 16
soap

Michael
    $200 25
a bagpipe

Michael
    $300 8
the telegraph

Michael
    $1,600 20
Jack Paar

Michael
    $300 3
a photon

Christian
    $300 17
Hussein (I)

Christian
    $300 24
(Alex: A minute to go.)

Bahrain

Michael
    $300 26
Baghdad

Michael
    $400 9
Virginia Military Institute

Michael
    $400 21
My Three Sons

Michael
    $400 4
(Michael: What is oxidation?)

combustion

Michael
Triple Stumper
    $400 18
King Kamehameha

Lindsay
    $400 29
a water pump

Lindsay
    $400 27
a baguette

Michael
    $500 10
William Seward

Michael
    $500 22
(Christian: Who is...)

Tim Russert

ChristianMichael
    $500 5
(Lindsay: What is water?)

mercury

Lindsay
Triple Stumper
    $500 19
Ferdinand

Michael
    $500 30
(Michael: Who is Boutros Boutros-Ghali?)
(Christian: Who is Kofi Annan?)

Javier Perez de Cuellar

ChristianMichael
Triple Stumper
    $500 28
a bagatelle

Lindsay

Scores at the first commercial break (after clue 15):

Lindsay Christian Michael
$500 $500 $900

Scores at the end of the Jeopardy! Round:

Lindsay Christian Michael
$1,800 -$100 $4,800

Double Jeopardy! Round responses

TERRITORIES & DEPENDENCIES
MIDDLE INITIAL S.
THEATRE
CITIES IN SONG
THE NUDE IN ART
OVERLAPS
    $200 5
France

Michael
    $200 1
Ulysses S. Grant

Michael
    $200 11
(Lindsay: Who was Aphrodite?)

Venus

LindsayMichael
    $200 17
[Alex glares into the camera.]

butterscotch tape

Triple Stumper
    $400 7
Denmark

Lindsay
    $400 2
T.S. Eliot

Michael
    $400 13
Chicago

Lindsay
    $400 12
Pablo Picasso

Christian
    $400 21
(Michael: What is That Darned Catapult?)
...
(Alex: You have to work at some of these!)

That Darn Catapult

Michael
Triple Stumper
    $600 8
United States

Michael
    $600 3
C.S. Lewis

Christian
    $600 27
(M: Who is Puce?)
(L: Who is Red?)
(buzzer sounds)

Green

LindsayChristianMichael
    $600 18
Kansas City

Lindsay
    $600 14
Adam & Eve

Michael
    $600 22
(Alex: I said you have to work at some of it--back off!)

reincarnation milk

Triple Stumper
    $800 9
United Kingdom

Triple Stumper
    $800 4
Hunter S. Thompson

Lindsay
    $2,811 25
(Lindsay: Phantom of the Opera...)
...
(Alex: Less than a minute.)

Kismet

Lindsay
    $800 19
Mobile

Lindsay
    $800 15
Edouard Manet

Michael
    $800 23
(Michael: We may as well finish the category.)
(Alex: We don't have to! We don't have to!)

Gulag Archipelago-Go

Triple Stumper
    $1000 10
Norway

Michael
    $1000 6
William S. Burroughs

Michael
    $1000 26
(Michael: Who is Faye Dunaway?)

Estelle Parsons

Michael
Triple Stumper
    $1000 20
Paris

Triple Stumper
    $1000 16
Auguste Rodin

Christian
    $1000 24
Rosebud Abbott

Lindsay

Scores at the end of the Double Jeopardy! Round:

Lindsay Christian Michael
$3,389 $1,300 $7,800
(lock game)

[wagering suggestions for these scores]

Final Jeopardy! Round responses

PEOPLE
(Alex: 1989 film Indiana Jones and the Last Crusade.)
ChristianWho are Harrison Ford & Sean Connery?
$1,242
LindsayWho are Connery & Cage?
$780
MichaelWho are Sean Connery & H. Ford?
$1,000
Sean Connery & Harrison Ford

Final scores:

Lindsay Christian Michael
$2,609 $2,542 $8,800
2nd place: a trip to Hawaii 3rd place: a VTech 900 MHz cordless telephone New champion: $8,800

Game dynamics:

Coryat scores:

Lindsay Christian Michael
$6,200 $1,300 $6,500
16 R,
3 W
(including 1 DD)
8 R,
3 W
22 R
(including 2 DDs),
5 W

Combined Coryat: $14,000

[game clues] [game scores] [suggest correction]

Game tape date: 1999-02-17
The J! Archive is created by fans, for fans. Scraping, republication, monetization, and malicious use prohibited; this site may use cookies and collect identifying information. See terms. The Jeopardy! game show and all elements thereof, including but not limited to copyright and trademark thereto, are the property of Jeopardy Productions, Inc. and are protected under law. This website is not affiliated with, sponsored by, or operated by Jeopardy Productions, Inc. Join the discussion at JBoard.tv.